| 000 | 00394cam a2200169ua 4500 | ||
|---|---|---|---|
| 001 | 6299 | ||
| 008 | 120604n1992 II |||gr||||Z||||||eng | ||
| 040 | _aMAIN | ||
| 041 | _aEnglish | ||
| 082 | _a574.87 RAS | ||
| 100 | _aRASTOGI, S. C. | ||
| 245 | _aCELL BIOLOGY | ||
| 260 |
_aNEW DELHI _bTATA MCGREW HILL PUBLISHING CO. _c1992 |
||
| 300 |
_a408: _c22CM. |
||
| 653 | _aCell Biology | ||
| 942 | _cBK | ||
| 999 |
_c6284 _d6284 |
||